Alexandre Kojève : Un système anthropologique (notice n° 2003460)

détails MARC
000 -LEADER
fixed length control field 01730cam a2200133 4500500
005 - DATE AND TIME OF LATEST TRANSACTION
control field 20260329051647.0
041 ## - LANGUAGE CODE
Language code of text/sound track or separate title fre
042 ## - AUTHENTICATION CODE
Authentication code dc
100 10 - MAIN ENTRY--PERSONAL NAME
Personal name Pirotte, Dominique
Relator term author
245 00 - TITLE STATEMENT
Title Alexandre Kojève : Un système anthropologique
260 ## - PUBLICATION, DISTRIBUTION, ETC.
Name of publisher, distributor, etc. Presses Universitaires de France,<br/>
Date of publication, distribution, etc. 2005.<br/>
520 ## - SUMMARY, ETC.
Summary, etc. «Alexandre Kojève n’a pas fini de nous étonner. Il n’est pas seulement l’auteur de la fameuse Introduction à la lecture de Hegel, commentaire suivi de la Phénoménologie de l’esprit qui a permis à des générations de lecteurs français de s’initier au»savoir absolu«. Il est le penseur d’un système original et paradoxal avec le monumental Essai d’une histoire raisonnée de la philosophie païenne et le volume consacré à Kant qui devait être le pivot d’une histoire systématique de la philosophie, vérification des thèses spéculatives consacrées au savoir absolu» (Préface par André Tosel)La première analyse de fond en langue française du système philosophique propre à Alexandre Kojève (1902-1968). Figure décisive et controversée de l’hégélianisme contemporain, passage formateur et obligé de nombreux penseurs français (Bataille, Sartre, Lacan…) Kojève apparaît essentiellement comme un «interprète» de la Phénoménologie de l’esprit. «Son projet global reste méconnu: constitution rigoureuse d’une anthropologie philosophique radicale, finitiste et athée, nouant les catégories existentielle et logique du désir, de l’action, du discours et de l’histoire» précise D. Pirotte et c’est ce à quoi s’attache cet ouvrage.
856 41 - ELECTRONIC LOCATION AND ACCESS
Uniform Resource Identifier <a href="https://shs.cairn.info/alexandre-kojeve--9782130553700?lang=fr&redirect-ssocas=7080">https://shs.cairn.info/alexandre-kojeve--9782130553700?lang=fr&redirect-ssocas=7080</a>

Pas d'exemplaire disponible.

PLUDOC

PLUDOC est la plateforme unique et centralisée de gestion des bibliothèques physiques et numériques de Guinée administré par le CEDUST. Elle est la plus grande base de données de ressources documentaires pour les Étudiants, Enseignants chercheurs et Chercheurs de Guinée.

Adresse

627 919 101/664 919 101

25 boulevard du commerce
Kaloum, Conakry, Guinée

Réseaux sociaux

Powered by Netsen Group @ 2025